000
00357nam a2200133Ia 4500
008
231129s9999||||xx |||||||||||||| ||spa||
020
_a
958-30-0043-4
040
_b
spa
082
_a
796.41 P434L
100
_a
Perea Rosero Tucidides
245
0
_a
Levantamiento de pesas
264
_a
Panamericana
942
_2
ddc
_c
BKS
999
_c
19160
_d
19160